Eastern Europe in 1360 - Statistics

General Stats
  • This quiz has been taken 59 times
  • The average score is 26 of 91
Answers on the Map
Answers color-coded by a green-red scale on the quiz's map according to % correct below.
 
Answer Stats
Countries % Correct
Poland
85%
Lithuania
83%
Hungary
80%
Sweden
80%
Denmark
75%
Norway
75%
Serbia
75%
Novgorod
65%
Novgorod
65%
Novgorod
65%
Byzantine Empire
60%
Wallachia
60%
Bosnia
58%
Kiev
55%
Athens
48%
Moldavia
45%
Vladimir
45%
Albania
43%
Albania
43%
Muscovy
43%
Riga
43%
Riga
43%
Smolensk
40%
Dobruja
38%
Rostov
38%
Ryazan
38%
Teutonic Order
38%
Livonian Order
35%
Pskov
35%
Samogitia
35%
Courland
33%
Gotland
33%
Perm
33%
Tver
33%
Vidin
33%
Yaroslavl
30%
Beloozero
28%
Tarnovo
25%
Achaea
23%
Blue Horde
23%
Dorpat
23%
Masovia
23%
Theodoro
23%
White Horde
23%
Osel-Wiek
20%
Trakai
20%
Zeta
20%
Naxos
18%
Putivl
18%
Ragusa
18%
Rylsk
18%
Visby
18%
Warmia
18%
Arta
15%
Barlad
15%
Branicevo
15%
Dobrzyn
15%
Galich-Mersky
15%
Halland
15%
Murom
15%
Ottoman Beylik
15%
Sambia
15%
Schleswig
15%
Soroca
15%
Angelokastro and Lepanto
13%
Empire of Simeon Uros
13%
Hansca
13%
Iasilor
13%
Inowroclaw
13%
Knights Hospitaller
13%
Novosil
13%
Ovruch
13%
Pomesania
13%
Tarusa
13%
Toropets
13%
Berat
10%
Bolokhovia
10%
Culm
10%
Mezetsk
10%
Neopatras
10%
Rzhev
10%
Valona
10%
Poljica
8%
Pronsk
8%
Shuya
8%
Torzhok
8%
Yelets
8%
Zvenigorod
8%
Kozelsk
5%
Zaozyorye
5%
Vyazemskoy
3%
No matching quizzes found
Score Distribution
Percent of People with Each Score
Percentile by Number Answered
Your Score History
You have not taken this quiz